[Event "2023 Fred Maris Cup (Division A)"]
[Site "Woodvale, Perth WA AUS"]
[Date "2023.07.05"]
[Round "4"]
[White "Maris, Rob"]
[Black "Maggs, Derwent"]
[Result "0-1"]
[WhiteElo "2044"]
[BlackElo "2251"]
[PlyCount "58"]
[EventDate "2023.06.14"]
[EventType "tourn"]
[EventRounds "5"]
[EventCountry "AUS"]
[TimeControl "3000+30"]

1. c4 Nf6 2. Nc3 g6 3. g3 Bg7 4. Bg2 O-O 5. Nf3 d6 6. O-O c5 7. d4 Nc6 8. d5
Na5 9. Nd2 e6 10. Rb1 exd5 11. cxd5 Re8 12. b3 b5 13. Nde4 Bf5 14. Bg5 Nxe4 15.
Bxd8 Nxc3 16. Bxa5 Nxd1 17. Rbxd1 Rxe2 18. Rd2 Rae8 19. Bf3 R2e7 20. g4 Be4 21.
Be2 b4 22. Bb5 Rb8 23. Bc4 Bf3 24. h3 Bc3 25. Rc2 h5 26. g5 Re5 27. h4 Re4 28.
Kh2 Be5+ 29. Kh3 Rg4 0-1

[Event "2023 Fred Maris Cup (Division B)"]
[Site "Woodvale, Perth WA AUS"]
[Date "2023.07.05"]
[Round "4"]
[White "Clarke, Daniel"]
[Black "Wolstencroft, Alan"]
[Result "1-0"]
[WhiteElo "1902"]
[BlackElo "1834"]
[PlyCount "135"]
[EventDate "2023.06.14"]
[EventType "tourn"]
[EventRounds "5"]
[EventCountry "AUS"]
[TimeControl "3000+30"]

1. e4 c5 2. Nf3 d6 3. d4 cxd4 4. Nxd4 Nf6 5. Nc3 a6 6. Be2 e6 7. f4 Be7 8. O-O
O-O 9. a4 b6 10. Be3 Qc7 11. Qe1 Bb7 12. Bf3 Nc6 13. Qg3 Rfe8 14. e5 Nxd4 15.
Bxd4 dxe5 16. Bxe5 Qc5+ 17. Kh1 Bxf3 18. Rxf3 Kh8 19. a5 b5 20. Qg5 Rg8 21.
Bxf6 gxf6 22. Qxc5 Bxc5 23. Ne4 Be7 24. Rd1 Rad8 25. Rfd3 h6 {(=)} 26. c3 Rxd3
27. Rxd3 Kg7 28. Rd7 Rd8 29. Rxd8 Bxd8 30. b4 Be7 31. g4 f5 32. gxf5 exf5 33.
Ng3 Kg6 34. Kg2 Kf6 35. Kf3 Ke6 36. Ke3 Bf6 37. Kd3 Be7 38. Ne2 Bd6 39. Nd4+
Kf6 40. Ke3 h5 41. h4 Kg6 42. Kf3 Kf6 43. Ke3 Kg6 44. Nc6 Kf6 45. Ne5 Ke6 46.
Nd3 Kd5 47. Nb2 f6 48. Kf3 Be7 49. Ke3 Bd6 50. Kf3 Be7 51. Nd1 Bf8 52. Ne3+ Ke6
53. Nc2 Kd5 54. Ke3 Kc4 55. Kd2 Bd6 56. Ne3+ Kb3 57. Nd5 Kb2 58. Kd3 Kb3 59.
Kd4 Kb2 60. c4 bxc4 61. Kxc4 Ka3 62. b5 Ka4 63. bxa6 Bb8 64. Ne7 Ba7 65. Nc6
Be3 66. Nd4 Kxa5 67. a7 Bxd4 68. Kxd4 1-0

[Event "2023 Fred Maris Cup (Division B)"]
[Site "Woodvale, Perth WA AUS"]
[Date "2023.07.05"]
[Round "4"]
[White "Curthoys, Edward"]
[Black "Doshi, Chirag"]
[Result "1-0"]
[WhiteElo "1848"]
[BlackElo "1870"]
[PlyCount "87"]
[EventDate "2023.06.14"]
[EventType "tourn"]
[EventRounds "5"]
[EventCountry "AUS"]
[TimeControl "3000+30"]

1. e4 e5 2. Nc3 Nc6 3. Bb5 Bc5 4. Nge2 Nf6 5. O-O O-O 6. d3 h6 7. a3 d6 8. Na4
Bb6 9. Nxb6 axb6 10. f4 Bg4 11. Bxc6 bxc6 12. fxe5 dxe5 13. h3 Bxe2 14. Qxe2
Qd4+ 15. Kh1 Qd6 16. Qf3 Nh7 17. Bd2 Qg6 18. Rf2 Rae8 19. Raf1 Re6 20. Qe2 Nf6
21. Rf5 Ne8 22. Bc3 f6 23. a4 Nd6 24. R5f3 Ra8 25. b3 Nb7 26. Ra1 b5 27. Qe3
Kh8 28. axb5 Rxa1+ 29. Bxa1 cxb5 30. Qa7 Rb6 31. Qb8+ Kh7 32. Qxc7 Ra6 33. Bxe5
fxe5 34. Qxb7 Rc6 35. Rg3 Qf6 36. Rxg7+ Qxg7 37. Qxc6 Qg3 38. Qxb5 Qg7 39. Qd5
h5 40. Qe6 h4 41. Qf5+ Kh8 42. Qh5+ Kg8 43. Qg4 Kf7 44. Qxg7+ 1-0

[Event "2023 Fred Maris Cup (Division B)"]
[Site "Woodvale, Perth WA AUS"]
[Date "2023.07.05"]
[Round "4"]
[White "Gough, Dylan"]
[Black "De Yaak, Peter"]
[Result "1/2-1/2"]
[WhiteElo "1762"]
[BlackElo "1897"]
[PlyCount "66"]
[EventDate "2023.06.14"]
[EventType "tourn"]
[EventRounds "5"]
[EventCountry "AUS"]
[TimeControl "3000+30"]

1. d4 d5 2. c4 c6 3. cxd5 cxd5 4. Bf4 Nf6 5. Nf3 Nc6 6. Nc3 e6 7. a3 Bd6 8.
Bxd6 Qxd6 9. e3 a6 10. Bd3 e5 11. dxe5 Nxe5 12. Nxe5 Qxe5 13. h3 O-O 14. O-O
Bd7 15. Qf3 Bc6 16. Qf5 Qe7 17. Ne2 g6 18. Qf4 Rfe8 19. Nd4 Ne4 20. Bxe4 Qxe4
21. Qxe4 dxe4 22. Nxc6 bxc6 23. Rac1 Re6 24. Rc4 a5 25. Rfc1 Ra6 26. Rd4 Rb6
27. Rc2 Kg7 28. Kf1 h5 29. Rdd2 Re5 30. Rd4 f5 31. Rdc4 Reb5 32. Rxc6 Rxb2 33.
Rxb6 Rxc2 1/2-1/2

[Event "2023 Fred Maris Cup (Division C)"]
[Site "Woodvale, Perth WA AUS"]
[Date "2023.07.05"]
[Round "4"]
[White "Oswald, Franz"]
[Black "Bhatia, Abhay"]
[Result "0-1"]
[WhiteElo "1641"]
[BlackElo "1678"]
[PlyCount "58"]
[EventDate "2023.06.14"]
[EventType "tourn"]
[EventRounds "5"]
[EventCountry "AUS"]
[TimeControl "3000+30"]

1. d4 d5 2. c4 e6 3. Nc3 Nf6 4. Bg5 Bb4 5. e3 O-O 6. cxd5 exd5 7. Bd3 h6 8. Bh4
Be7 9. Nf3 Bg4 10. Qc2 Nbd7 11. h3 Be6 12. g4 Ne4 13. Bxe7 Qxe7 14. Nxe4 dxe4
15. Bxe4 Nf6 16. Ne5 c6 17. Bg2 Bd5 18. Bxd5 Nxd5 19. O-O-O Rac8 20. Kb1 c5 21.
Qb3 Nb4 22. Rd2 c4 23. Qd1 f6 24. f4 fxe5 25. dxe5 c3 26. bxc3 Rxc3 27. Rd7 Qc5
28. Qd4 Rb3+ 29. axb3 Qc2+ 0-1

[Event "2023 Fred Maris Cup (Division C)"]
[Site "Woodvale, Perth WA AUS"]
[Date "2023.07.05"]
[Round "4"]
[White "Kerr, Lennon"]
[Black "Browning, Thomas"]
[Result "1-0"]
[WhiteElo "1576"]
[BlackElo "1620"]
[PlyCount "41"]
[EventDate "2023.06.14"]
[EventType "tourn"]
[EventRounds "5"]
[EventCountry "AUS"]
[TimeControl "3000+30"]

1. e4 c5 2. Nf3 Nc6 3. d4 cxd4 4. Nxd4 e5 5. Nf3 Nf6 6. Nc3 Bb4 7. Bd3 Bxc3+ 8.
bxc3 O-O 9. Bg5 d6 10. O-O Bg4 11. Rb1 b6 12. Bb5 Rc8 13. Qd3 h6 14. Bh4 g5 15.
Nxg5 hxg5 16. Bxg5 Kg7 17. Qg3 Rg8 18. Qh4 Rh8 19. Bxf6+ Qxf6 20. Qxg4+ Kf8 21.
Qxc8+ 1-0

[Event "2023 Fred Maris Cup (Division C)"]
[Site "Woodvale, Perth WA AUS"]
[Date "2023.07.05"]
[Round "4"]
[White "Garang, Kuol Awan"]
[Black "Michael, Ashley"]
[Result "0-1"]
[WhiteElo "1632"]
[BlackElo "1588"]
[PlyCount "134"]
[EventDate "2023.06.14"]
[EventType "tourn"]
[EventRounds "5"]
[EventCountry "AUS"]
[TimeControl "3000+30"]

1. e4 Nf6 2. e5 Nd5 3. c4 Nb6 4. Nc3 d6 5. Nf3 Nc6 6. exd6 exd6 7. d4 Bg4 8.
Be3 Qe7 9. c5 Bxf3 10. gxf3 dxc5 11. dxc5 Nd7 12. Nd5 Qd8 13. Bh3 Nxc5 14. Rc1
Ne6 15. Qb3 Na5 16. Qd3 c6 17. Bxe6 fxe6 18. Nf4 Qxd3 19. Nxd3 b5 20. b4 Nc4
21. Bd4 O-O-O 22. Ne5 Rxd4 23. Nxc6 Rd7 24. a3 Kb7 25. Na5+ Nxa5 26. bxa5 Bxa3
27. Rb1 a6 28. O-O Rd3 29. Kg2 Rf8 30. Rbe1 Rf6 31. Re3 Rxe3 32. fxe3 Bb4 33.
Rd1 Kc6 34. Rc1+ Kd5 35. Rc7 Rg6+ 36. Kf2 Bxa5 37. Rd7+ Kc6 38. Ra7 Kb6 39. Ra8
Bc3 40. Rh8 Rh6 41. Kg2 Ka5 42. f4 b4 43. Rc8 Ka4 44. Rc4 Kb3 45. Rc5 Kc2 46.
Ra5 e5 47. fxe5 b3 48. Ra3 b2 49. Ra2 Kb3 50. Rxb2+ Kxb2 51. h3 a5 52. Kf3 Bxe5
53. Ke4 a4 54. Kxe5 a3 55. Kd5 a2 56. e4 a1=Q 57. e5 Qd1+ 58. Ke4 Rh4+ 59. Kf5
Qd7+ 60. Kg5 Qe7+ 61. Kf5 Rh5+ 62. Kg4 Qg5+ 63. Kf3 Qf5+ 64. Kg2 Qxh3+ 65. Kf2
Rg5 66. Ke1 Rg2 67. Kf1 Qh1# 0-1

[Event "2023 Fred Maris Cup (Division D)"]
[Site "Woodvale, Perth WA AUS"]
[Date "2023.07.05"]
[Round "4"]
[White "Kerr, Carter"]
[Black "Howard, Mark"]
[Result "1-0"]
[WhiteElo "1485"]
[BlackElo "1452"]
[PlyCount "77"]
[EventDate "2023.06.14"]
[EventType "tourn"]
[EventRounds "5"]
[EventCountry "AUS"]
[TimeControl "3000+30"]

1. e4 e5 2. Nf3 Nc6 3. Bc4 h6 4. d4 d6 5. dxe5 Na5 6. Bd3 Bg4 7. Bd2 Nc6 8.
exd6 Bxd6 9. Nc3 Nd4 10. Be3 Nxf3+ 11. gxf3 Bh5 12. Qe2 Bb4 13. O-O-O c6 14.
Rhg1 Qf6 15. Rg3 Bxc3 16. bxc3 Qxc3 17. Rdg1 g5 18. h4 f6 19. hxg5 fxg5 20. Rh1
Qa1+ 21. Kd2 Qxh1 22. Bd4 Rh7 23. e5 Rd7 24. Qe4 Qb1 25. e6 Qb4+ 26. Bc3 Rxd3+
27. Qxd3 Qf4+ 28. Ke2 {At this point, Black illegally castled. The position
after 28...O-O-O will instead be reached using a series of moves.} Rd8 29. Qe3
Rd6 30. Qe4 Kd8 31. Qe3 Kc8 32. Qd3 Rd8 {The position after 28...O-O-O has
been reached.} 33. Qh7 Qc4+ 34. Ke1 Qxe6+ 35. Kf1 Qc4+ 36. Kg2 Qxc3 37. Qf5+
Kb8 38. f4 Qc4 39. Qe5+ Ka8 40. Qc7 Qd5+ 41. Kh2 Qd7 42. Qa5 gxf4 43. Rd3 1-0

[Event "2023 Fred Maris Cup (Division D)"]
[Site "Woodvale, Perth WA AUS"]
[Date "2023.07.05"]
[Round "4"]
[White "Wu, Kobe"]
[Black "Leech, Martin"]
[Result "1-0"]
[WhiteElo "1523"]
[BlackElo "1522"]
[PlyCount "105"]
[EventDate "2023.06.14"]
[EventType "tourn"]
[EventRounds "5"]
[EventCountry "AUS"]
[TimeControl "3000+30"]

1. e4 e6 2. d4 d5 3. Nc3 Nf6 4. e5 Nfd7 5. Nf3 c5 6. Ne2 cxd4 7. Nexd4 Nc6 8.
c3 Ncxe5 9. Nxe5 Nxe5 10. Bf4 Nd7 11. Bg3 Bc5 12. Be2 O-O 13. O-O Re8 14. Re1
e5 15. Nb3 Bb6 16. Qxd5 Qf6 17. Qf3 Bc7 18. Qxf6 Nxf6 19. Bb5 Re7 20. Rad1 a6
21. Bxe5 Rxe5 22. Rxe5 axb5 23. Rxb5 b6 24. Rb4 Be6 25. Nd4 Bd5 26. Nb5 Be5 27.
f4 Bb8 28. c4 Bc6 29. Rd8+ Ne8 30. Nd4 Bd6 31. Rxa8 Bxa8 32. Ra4 Be4 33. Kf1
Bxf4 34. Ne2 Bd3 35. Kf2 Bxh2 36. Nc1 Bc2 37. Ra8 Kf8 38. g3 Be4 39. Rb8 h5 40.
Rxb6 h4 41. gxh4 Be5 42. Ke3 Bf5 43. Rb5 f6 44. Nd3 Nd6 45. Rb8+ Ke7 46. Nxe5
fxe5 47. b3 Bb1 48. a4 Nf5+ 49. Kd2 e4 50. Rb5 e3+ 51. Ke1 Bd3 52. Rd5 Be4 53.
Re5+ 1-0

[Event "2023 Fred Maris Cup (Division D)"]
[Site "Woodvale, Perth WA AUS"]
[Date "2023.07.05"]
[Round "4"]
[White "Massam, Justin"]
[Black "Boswarva, Ernest"]
[Result "1-0"]
[WhiteElo "1479"]
[BlackElo "1516"]
[PlyCount "71"]
[EventDate "2023.06.14"]
[EventType "tourn"]
[EventRounds "5"]
[EventCountry "AUS"]
[TimeControl "3000+30"]

1. d4 d5 2. c4 c6 3. Nf3 Nf6 4. Nc3 e6 5. Bg5 Nbd7 6. e3 Qa5 7. a3 Ne4 8. Qc1
dxc4 9. Bxc4 Nxg5 10. Nxg5 Qxg5 11. O-O Nf6 12. Qd1 Bd6 13. Qf3 e5 14. Ne4 Nxe4
15. Qxe4 Bf5 16. Qf3 e4 17. Qe2 Bg4 18. Qc2 Bf3 19. g3 Qg4 20. Rfc1 Qh3 21. Bf1
Qf5 22. Qb3 Qd7 23. Rc3 O-O 24. Rac1 Rae8 25. Qa4 a6 26. d5 Rc8 27. dxc6 Rxc6
28. Rxc6 bxc6 29. Qxa6 Rc8 30. b4 Qe8 31. b5 Ra8 32. Qxc6 Qxc6 33. Rxc6 Bxa3
34. b6 Rb8 35. Ba6 Bg4 36. b7 {Time expired} 1-0

[Event "2023 Fred Maris Cup (Division E)"]
[Site "Woodvale, Perth WA AUS"]
[Date "2023.07.05"]
[Round "4"]
[White "Hounsome, David"]
[Black "Porteus, Grant"]
[Result "1-0"]
[WhiteElo "1370"]
[BlackElo "1381"]
[PlyCount "102"]
[EventDate "2023.06.14"]
[EventType "tourn"]
[EventRounds "5"]
[EventCountry "AUS"]
[TimeControl "3000+30"]

1. b3 Nc6 2. Bb2 e5 3. e3 Bc5 4. d4 Bd6 5. Bb5 a6 6. Bxc6 dxc6 7. dxe5 Bb4+ 8.
Nc3 Qg5 9. g3 Qxe5 10. Qd4 Qxd4 11. exd4 Bg4 12. f3 Bf5 13. O-O-O Ne7 14. Nge2
Nd5 15. Ne4 O-O-O 16. c4 Ne7 17. g4 Bg6 18. Nf4 f5 19. Nxg6 hxg6 20. Ng5 Rde8
21. a3 Bd6 22. h4 Ng8 23. Nf7 Rh7 24. Ng5 Bf4+ 25. Kb1 Bxg5 26. hxg5 Rxh1 27.
Rxh1 Ne7 28. Rh7 Rg8 29. Kc2 b5 30. Kd3 Kd7 31. Ke3 bxc4 32. bxc4 fxg4 33. fxg4
Kd6 34. Ke4 c5 35. d5 Rb8 36. Be5+ Kd7 37. Rxg7 Re8 38. Bf6 Kd6 39. Rxe7 Rxe7+
40. Bxe7+ Kxe7 41. Ke5 Kd7 42. Kf6 c6 43. dxc6+ Kxc6 44. Kxg6 Kb6 45. Kf7 Ka5
46. g6 Ka4 47. g7 Kb3 48. g8=Q Kxc4 49. Qa8 Kb5 50. a4+ Kxa4 51. Qxa6+ Kb4 1-0

[Event "2023 Fred Maris Cup (Division E)"]
[Site "Woodvale, Perth WA AUS"]
[Date "2023.07.05"]
[Round "4"]
[White "Walker, Colin"]
[Black "Brooke, John"]
[Result "0-1"]
[WhiteElo "1437"]
[BlackElo "1435"]
[PlyCount "64"]
[EventDate "2023.06.14"]
[EventType "tourn"]
[EventRounds "5"]
[EventCountry "AUS"]
[TimeControl "3000+30"]

1. c4 c5 2. Nc3 Nc6 3. g3 Nf6 4. Bg2 e5 5. e3 d6 6. d3 Qd7 7. Nge2 Be7 8. O-O
Rb8 9. f4 Ng4 10. Nd5 b5 11. cxb5 Rxb5 12. Nec3 Rb8 13. Bf3 Nxh2 14. Rf2 Nxf3+
15. Qxf3 Bb7 16. e4 Nd4 17. Qh5 g6 18. Qh2 Bd8 19. fxe5 dxe5 20. b3 Qg4 21. Qg2
h5 22. Ne3 Qe6 23. Ncd5 Qa6 24. Qf1 Rf8 25. b4 Bxd5 26. Nxd5 cxb4 27. Bh6 Rg8
28. Rxf7 Qe6 29. Bf8 Qxf7 30. Qxf7+ Kxf7 31. Bd6 Rb7 32. Bxe5 Nf3+ 0-1

[Event "2023 Fred Maris Cup (Division F)"]
[Site "Woodvale, Perth WA AUS"]
[Date "2023.07.05"]
[Round "4"]
[White "Curtis, Calan"]
[Black "Owen, Geoffrey"]
[Result "1-0"]
[WhiteElo "1300"]
[BlackElo "1030"]
[PlyCount "97"]
[EventDate "2023.06.14"]
[EventType "swiss"]
[EventRounds "6"]
[EventCountry "AUS"]
[TimeControl "3000+30"]

1. d4 c6 2. Nc3 d6 3. Bf4 h6 4. e3 g5 5. Bg3 Bg7 6. Bd3 h5 7. h3 Nd7 8. Nf3 h4
9. Bh2 Bh6 10. Ne4 Nf8 11. Nexg5 Qa5+ 12. Qd2 Qb6 13. O-O-O Ne6 14. Ne4 d5 15.
Nc5 Nxc5 16. dxc5 Qxc5 17. Be5 f6 18. Bd4 Qd6 19. Bg6+ Kd7 20. Qd3 e5 21. Qf5+
Kc7 22. Bxe5 Bxf5 23. Bxd6+ Kxd6 24. Bxf5 Ne7 25. Nxh4 Bg5 26. Ng6 Nxg6 27.
Bxg6 Rhg8 28. Bd3 Rae8 29. Kb1 b5 30. b4 Ra8 31. h4 Bh6 32. g3 Rg4 33. a3 a5
34. Bf5 Rc4 35. Bd3 Rg4 36. Be2 Re4 37. Rd4 Re5 38. Rg4 axb4 39. Rg6 bxa3 40.
Rxh6 Ra4 41. Rxf6+ Kc5 42. Ka2 d4 43. exd4+ Kxd4 44. Rd1+ Kc5 45. Bf3 Ra6 46.
h5 Re8 47. Rdd6 Rc8 48. Rxc6+ Raxc6 49. Rxc6+ 1-0

[Event "2023 Fred Maris Cup (Division F)"]
[Site "Woodvale, Perth WA AUS"]
[Date "2023.07.05"]
[Round "4"]
[White "Frankland, David"]
[Black "Ross, Leo"]
[Result "1-0"]
[WhiteElo "1098"]
[BlackElo "1335"]
[PlyCount "47"]
[EventDate "2023.06.14"]
[EventType "swiss"]
[EventRounds "6"]
[EventCountry "AUS"]
[TimeControl "3000+30"]

1. e4 c6 2. h3 d5 3. e5 c5 4. Bb5+ Bd7 5. Bxd7+ Qxd7 6. d3 Nc6 7. f4 e6 8. c3
Be7 9. b3 Bh4+ 10. Kd2 Bd8 11. Ba3 b6 12. Qg4 g6 13. Nf3 Nge7 14. h4 Nf5 15.
Kc1 d4 16. c4 Ne3 17. Qh3 Nb4 18. Bxb4 cxb4 19. Nbd2 Rc8 20. Ne4 a5 21. Nd6+
Kf8 22. Nxc8 Qxc8 23. Nxd4 Qd7 24. Qxe3 1-0

[Event "2023 Fred Maris Cup (Division F)"]
[Site "Woodvale, Perth WA AUS"]
[Date "2023.07.05"]
[Round "4"]
[White "Young, Manfred"]
[Black "Lanham, Bruce"]
[Result "0-1"]
[WhiteElo "1090"]
[BlackElo "1206"]
[PlyCount "57"]
[EventDate "2023.06.14"]
[EventType "swiss"]
[EventRounds "6"]
[EventCountry "AUS"]
[TimeControl "3000+30"]

1. c4 e6 2. d4 d5 3. cxd5 exd5 4. Nc3 Nf6 5. Bg5 c6 6. e3 Nbd7 7. Bd3 h6 8. Bh4
Be7 9. Nf3 O-O 10. O-O Ng4 11. Bxe7 Qxe7 12. h3 Ngf6 13. Re1 Re8 14. Nh4 Qf8
15. e4 dxe4 16. Nxe4 Nxe4 17. Bxe4 Nf6 18. Bc2 Be6 19. Qd3 Qd6 20. Re3 Rad8 21.
Rae1 Qxd4 22. Qxd4 Rxd4 23. Nf5 Rdd8 24. Nxh6+ gxh6 25. Rg3+ Kf8 26. Rf3 Ke7
27. Bb3 Nd5 28. Re5 Kd6 29. Bxd5 0-1

[Event "2023 Fred Maris Cup (Division F)"]
[Site "Woodvale, Perth WA AUS"]
[Date "2023.07.05"]
[Round "4"]
[White "Markou, Victor"]
[Black "Bordas, Lindsay"]
[Result "0-1"]
[WhiteElo "1039"]
[BlackElo "1122"]
[PlyCount "32"]
[EventDate "2023.06.14"]
[EventType "swiss"]
[EventRounds "6"]
[EventCountry "AUS"]
[TimeControl "3000+30"]

1. e4 e6 2. d3 d5 3. exd5 exd5 4. Nf3 Nf6 5. g3 Bd6 6. Bg2 Qe7+ 7. Be3 Bc5 8.
d4 Bb6 9. O-O O-O 10. Nc3 Nc6 11. Na4 Bf5 12. Nc5 Nb4 13. c3 Nc2 14. Nh4 Nxa1
15. Qxa1 Be4 16. f3 Bxc5 {Scoresheet not clear} 0-1

[Event "2023 Fred Maris Cup (Division F)"]
[Site "Woodvale, Perth WA AUS"]
[Date "2023.07.05"]
[Round "4"]
[White "Jahn, Harold"]
[Black "Gough, Sebastian"]
[Result "0-1"]
[WhiteElo "1081"]
[BlackElo "1072"]
[PlyCount "62"]
[EventDate "2023.06.14"]
[EventType "swiss"]
[EventRounds "6"]
[EventCountry "AUS"]
[TimeControl "3000+30"]

1. d4 Nc6 2. f3 e6 3. e3 Nf6 4. c3 Be7 5. Nd2 O-O 6. Bd3 b6 7. Ne2 Bb7 8. O-O
d5 9. Ne4 dxe4 10. Bxe4 Bd6 11. g3 h6 12. h3 Na5 13. b3 Bxe4 14. fxe4 Nxe4 15.
Kg2 c6 16. Qd3 f5 17. Rf3 g5 18. g4 fxg4 19. Rxf8+ Qxf8 20. Nf4 gxh3+ 21. Nxh3
Qf5 22. Qe2 Nxc3 23. Qf3 Qxf3+ 24. Kxf3 Rf8+ 25. Kg4 Ne2 26. Kh5 Kg7 27. Bb2
Rf3 28. Rh1 Ng3+ 29. Kg4 Rxe3 30. d5+ Kg6 31. Bc1 h5# 0-1

[Event "2023 Fred Maris Cup (Division F)"]
[Site "Woodvale, Perth WA AUS"]
[Date "2023.07.05"]
[Round "4"]
[White "Rennie, Mike"]
[Black "May, Wendy"]
[Result "1-0"]
[WhiteElo "891"]
[BlackElo "914"]
[PlyCount "99"]
[EventDate "2023.06.14"]
[EventType "swiss"]
[EventRounds "6"]
[EventCountry "AUS"]
[TimeControl "3000+30"]

1. e4 e5 2. d3 Nf6 3. Nf3 Nc6 4. Nc3 Bc5 5. Be3 Bxe3 6. fxe3 Ng4 7. Qe2 d6 8.
O-O-O Nb4 9. a3 Nc6 10. Nd5 Be6 11. h3 Nh6 12. g4 f6 13. Nh4 g5 14. Nf5 Nxf5
15. gxf5 Bxd5 16. exd5 Na5 17. Qh5+ Kd7 18. Qf7+ Kc8 19. Qe6+ Kb8 20. b4 Re8
21. Qf7 Re7 22. Qxf6 g4 23. bxa5 g3 24. Rg1 b6 25. Kd2 h5 26. Rb1 a6 27. Rxg3
b5 28. c4 b4 29. Rxb4+ Kc8 30. Qg5 c5 31. Rb6 Rb8 32. Rxb8+ Kxb8 33. e4 Qxa5+
34. Ke2 Rb7 35. Qg8+ Ka7 36. Rg7 Rxg7 37. Qxg7+ Kb6 38. f6 Qxa3 39. Kf3 Qc1 40.
Kg2 Qd2+ 41. Kh1 Qf2 42. Bg2 h4 43. f7 Qe1+ 44. Kh2 Qg3+ 45. Qxg3 hxg3+ 46.
Kxg3 a5 47. f8=Q a4 48. Qa8 Kc7 49. Qxa4 Kd8 50. Qc6 1-0

[Event "2023 Fred Maris Cup (Division F)"]
[Site "Woodvale, Perth WA AUS"]
[Date "2023.07.12"]
[Round "5"]
[White "Lanham, Bruce"]
[Black "Bordas, Lindsay"]
[Result "0-1"]
[WhiteElo "1206"]
[BlackElo "1122"]
[PlyCount "117"]
[EventDate "2023.06.14"]
[EventType "swiss"]
[EventRounds "6"]
[EventCountry "AUS"]
[TimeControl "3000+30"]

1. Nf3 e6 2. g3 d5 3. Bg2 Bd6 4. O-O Nf6 5. c4 c6 6. cxd5 cxd5 7. d4 O-O 8. Nc3
Bd7 9. b3 Bb4 10. Bb2 Qa5 11. Qc2 Rc8 12. Rfc1 Ne4 13. a3 Bxc3 14. b4 Qa4 15.
Qxa4 Bxa4 16. Rab1 Nd7 17. Ne5 Bxb2 18. Rxc8+ Rxc8 19. Rxb2 Nxe5 20. dxe5 Rc2
21. Rxc2 Bxc2 22. Bxe4 dxe4 23. e3 f6 24. exf6 gxf6 25. Kf1 Kg7 26. Ke2 Bd3+
27. Kd2 Kf7 28. Kc3 e5 29. a4 Ke6 30. b5 Kd6 31. Kb3 a6 32. bxa6 Bxa6 33. a5
Kc5 34. h3 b6 35. axb6 Kxb6 36. h4 Be2 37. Kc2 Kc5 38. Kd2 Bf3 39. Kc3 Kd5 40.
Kd2 Kc4 41. Kc2 h5 42. Kd2 Kb3 43. Kc1 Kc3 44. g4 Bxg4 45. f3 Bxf3 46. Kb1 Kd2
47. Kb2 Kxe3 48. Kc3 f5 49. Kc4 f4 50. Kd5 Bg2 51. Kxe5 f3 52. Kf5 f2 53. Kg5
Bf3 54. Kh6 f1=Q 55. Kg5 Qg2+ 56. Kf5 Qg4+ 57. Ke5 Qxh4 58. Kf5 Qf4+ 59. Kg6
0-1

[Event "2023 Fred Maris Cup (Division F)"]
[Site "Woodvale, Perth WA AUS"]
[Date "2023.07.12"]
[Round "5"]
[White "Owen, Geoffrey"]
[Black "Rennie, Mike"]
[Result "0-1"]
[WhiteElo "1030"]
[BlackElo "891"]
[PlyCount "84"]
[EventDate "2023.06.14"]
[EventType "swiss"]
[EventRounds "6"]
[EventCountry "AUS"]
[TimeControl "3000+30"]

1. e4 e5 2. f4 d6 3. Nf3 Be7 4. Bc4 Nf6 5. O-O O-O 6. Nc3 Nh5 7. d4 exf4 8. Nd5
Be6 9. Nxe7+ Qxe7 10. Bxe6 Qxe6 11. Ng5 Qg6 12. Bxf4 Nxf4 13. Rxf4 Qxg5 14. Rg4
Qe3+ 15. Kh1 Nd7 16. c4 Nf6 17. Rg3 Qxe4 18. Rc1 Rad8 19. Rcc3 c5 20. d5 Qe5
21. Rce3 Ne4 22. Rxg7+ Kxg7 23. Qg4+ Kh8 24. Rxe4 Qxb2 25. h3 f5 26. Qh4 fxe4
27. Qe7 Rf1+ 28. Kh2 Rg8 29. Qxe4 Qe5+ 30. Qxe5+ dxe5 31. d6 Rd1 32. g4 Rxd6
33. Kg3 h5 34. a4 Rh6 35. a5 hxg4 36. hxg4 e4 37. a6 bxa6 38. Kf4 e3 39. Kxe3
Rxg4 40. Kf3 Rhg6 41. Kf2 Re6 42. Kf3 Rgg6 0-1

[Event "2023 Fred Maris Cup (Division F)"]
[Site "Woodvale, Perth WA AUS"]
[Date "2023.07.12"]
[Round "5"]
[White "Gough, Sebastian"]
[Black "Young, Manfred"]
[Result "0-1"]
[WhiteElo "1072"]
[BlackElo "1090"]
[PlyCount "60"]
[EventDate "2023.06.14"]
[EventType "swiss"]
[EventRounds "6"]
[EventCountry "AUS"]
[TimeControl "3000+30"]

1. d4 d5 2. Bf4 e6 3. Nc3 a6 4. Nf3 Bd6 5. Bxd6 Qxd6 6. e3 Nc6 7. Bd3 Nf6 8.
O-O e5 9. dxe5 Nxe5 10. Nxe5 Qxe5 11. Re1 O-O 12. f4 Qd6 13. Qf3 Bg4 14. Qg3
Rfe8 15. f5 Qxg3 16. hxg3 Re5 17. e4 Rae8 18. Kf2 dxe4 19. Be2 Bxf5 20. Rh1 Bg4
21. Bxg4 Nxg4+ 22. Ke2 Rd8 23. Rh4 h5 24. Rah1 g6 25. Re1 e3 26. Kf3 Rd2 27.
Re2 Rf5+ 28. Ke4 Re5+ 29. Kf3 Rd4 30. a3 Rf5# 0-1

[Event "2023 Fred Maris Cup (Division F)"]
[Site "Woodvale, Perth WA AUS"]
[Date "2023.07.12"]
[Round "5"]
[White "Markou, Victor"]
[Black "Jahn, Harold"]
[Result "1-0"]
[WhiteElo "1039"]
[BlackElo "1081"]
[PlyCount "70"]
[EventDate "2023.06.14"]
[EventType "swiss"]
[EventRounds "6"]
[EventCountry "AUS"]
[TimeControl "3000+30"]

1. e4 e5 2. Nf3 f6 3. g3 Bc5 4. Bg2 d6 5. O-O Bg4 6. Re1 Nh6 7. d3 Qd7 8. Nbd2
Nc6 9. Nf1 O-O-O 10. Ne3 Nd4 11. Nxg4 Nxg4 12. Bh3 h5 13. Be3 f5 14. c3 Ne6 15.
exf5 Nf8 16. Nxe5 dxe5 17. Bxc5 Qxf5 18. f3 Nd7 19. fxg4 hxg4 20. Bxg4 Qg5 21.
Bf3 e4 22. Be3 Qg6 23. Bxe4 Qe6 24. Qf3 c6 25. Bf5 Qd6 26. Bf4 Qf6 27. Bg4 g5
28. Bxg5 Qxg5 29. Re6 Rdf8 30. Qe4 Kb8 31. Re1 Nc5 32. Qe5+ Qxe5 33. R1xe5 Nxd3
34. Re2 Nc5 35. R6e5 Nd3 {Scoresheet not clear} 1-0

[Event "2023 Fred Maris Cup (Division F)"]
[Site "Woodvale, Perth WA AUS"]
[Date "2023.07.12"]
[Round "5"]
[White "Overste, Brian"]
[Black "May, Wendy"]
[Result "1-0"]
[WhiteElo "972"]
[BlackElo "914"]
[PlyCount "81"]
[EventDate "2023.06.14"]
[EventType "swiss"]
[EventRounds "6"]
[EventCountry "AUS"]
[TimeControl "3000+30"]

1. e4 e5 2. c4 f6 3. Nc3 Bc5 4. Qg4 g5 5. Qh5+ Kf8 6. Nge2 h6 7. Ng3 Ne7 8. Qf3
Nbc6 9. Nf5 Nb4 10. Bd3 Nxd3+ 11. Qxd3 d6 12. Qf3 Nc6 13. O-O Be6 14. Nd5 Bxf5
15. Qxf5 Kg7 16. a3 Nd4 17. Qg4 h5 18. Qd1 c6 19. Ne3 Qd7 20. Rb1 h4 21. b4 Bb6
22. a4 h3 23. g3 a6 24. a5 Bd8 25. Bb2 f5 26. Bxd4 exd4 27. Nxf5+ Kf8 28. Nxd4
d5 29. Qf3+ Qf7 30. Qg4 Rh6 31. Nf5 Rh8 32. Nd6 Qe7 33. c5 Bc7 34. Qf3+ Kg7 35.
Nf5+ Kf6 36. Nxe7+ Kxe7 37. Rbe1 d4 38. e5 Raf8 39. Qg4 Rfg8 40. Qxd4 Kf7 41.
Qd7+ 1-0

[Event "2023 Fred Maris Cup (Division A)"]
[Site "Woodvale, Perth WA AUS"]
[Date "2023.07.19"]
[Round "5"]
[White "Maggs, Derwent"]
[Black "Plaganyi, Gyula"]
[Result "1/2-1/2"]
[WhiteElo "2251"]
[BlackElo "1972"]
[BlackTitle "CM"]
[PlyCount "70"]
[EventDate "2023.06.14"]
[EventType "tourn"]
[EventRounds "5"]
[EventCountry "AUS"]
[TimeControl "3000+30"]

1. e4 d6 2. d4 Nf6 3. Nc3 g6 4. Bf4 Bg7 5. Qd2 c6 6. O-O-O b5 7. f3 Nbd7 8. h4
Qa5 9. Kb1 Nb6 10. e5 Nfd5 11. Nxd5 Qxd2 12. Nc7+ Kd7 13. Rxd2 Kxc7 14. Bd3 Be6
15. Nh3 h6 16. Bg3 dxe5 17. dxe5 Nd5 18. Nf2 Nb4 19. a3 Nxd3 20. Nxd3 Rad8 21.
Rhd1 Kc8 22. Nc5 Rxd2 23. Rxd2 Bd5 24. Re2 Rd8 25. Kc1 h5 26. Bf4 Bc4 27. Re1
Rd5 28. b4 Rd4 29. g3 e6 30. Rd1 Rxd1+ 31. Kxd1 Bf8 32. Ne4 Bd5 33. Ng5 Kd7 34.
Be3 a6 35. Ke2 Ke8 1/2-1/2